Lord huron- Frozen Pines lyrics - Statistics

General Stats
  • This quiz has been taken 6 times
  • The average score is 236 of 269
Answer Stats
Answer % Correct
a
100%
all
100%
an
100%
and
100%
as
100%
at
100%
be
100%
but
100%
cause
100%
deep
100%
die
100%
do
100%
don't
100%
dont
100%
endless
100%
for
100%
frozen
100%
go
100%
grow
100%
guide
100%
I
100%
if
100%
in
100%
into
100%
just
100%
know
100%
look
100%
make
100%
moonlight
100%
my
100%
natures
100%
night
100%
no
100%
on
100%
one
100%
pines
100%
sight
100%
sky
100%
the
100%
there
100%
they
100%
through
100%
to
100%
up
100%
way
100%
what
100%
when
100%
where
100%
wind
100%
with
100%
wonder
100%
you
100%
your
100%
you're
100%
alive
80%
alone
80%
am
80%
are
80%
away
80%
been
80%
call
80%
changed
80%
clear
80%
dark
80%
else
80%
era
80%
eyes
80%
feels
80%
gone
80%
has
80%
have
80%
huddled
80%
i'm
80%
it
80%
i've
80%
life
80%
light
80%
like
80%
morning
80%
mountainside
80%
name
80%
nothing
80%
oh
80%
right
80%
seen
80%
shining
80%
still
80%
strange
80%
wake
80%
wander
80%
was
80%
will
80%
another
60%
decide
60%
even
60%
find
60%
follow
60%
forever
60%
gonna
60%
had
60%
here
60%
line
60%
me
60%
of
60%
other
60%
ready
60%
side
60%
stay
60%
take
60%
there's
60%
theres
60%
though
60%
time
60%
wait
60%
waiting
60%
wanna
60%
we
60%
beyond
40%
did
40%
dissapeared
40%
friends
40%
it's
40%
living
40%
movin'
40%
only
40%
shrine
40%
until
40%
want
40%
snother
0%
No matching quizzes found
Score Distribution
Percent of People with Each Score
Percentile by Number Answered
Your Score History
You have not taken this quiz